Statistics for Main Players for Each Team at the FIFA World Cup 2022

Click here to take the quiz!

General Stats

  • This quiz has been taken 217 times
  • The average score is 46 of 126

Answer Stats

Answer% Correct
Lionel Messi
98%
Neymar
86%
Kylian Mbappé
80%
Cristiano Ronaldo
79%
Harry Kane
79%
Luka Modrić
75%
Kevin De Bruyne
74%
Robert Lewandowski
72%
Alphonso Davies
69%
Thiago Silva
69%
Ben Davies
68%
Gareth Bale
68%
Luis Fernando Suárez
68%
Luis Suárez
68%
Romelu Lukaku
68%
Christian Eriksen
67%
Lautaro Martínez
66%
Olivier Giroud
66%
Son Heung-min
66%
Thomas Müller
66%
Hugo Lloris
65%
Roberto Martínez
65%
Virgil van Dijk
62%
Didier Deschamps
61%
Eden Hazard
61%
Gareth Southgate
61%
Christian Pulisic
60%
Enner Valencia
60%
Lionel Scaloni
60%
Achraf Hakimi
59%
Vinicius Junior
59%
Manuel Neuer
58%
Keylor Navas
56%
Memphis Depay
56%
Pedri
56%
Álvaro Morata
53%
Ivan Perišić
53%
Sergio Busquets
51%
Hakim Ziyech
50%
Aleksandar Mitrović
49%
Phil Foden
49%
Xherdan Shaqiri
49%
Almoez Ali
48%
Granit Xhaka
48%
Dušan Vlahović
47%
Kalidou Koulibaly
47%
Pepe
45%
Tite
45%
Jamal Musiala
44%
Hansi Flick
43%
Mehdi Taremi
43%
Dani Alves
42%
Federico Valverde
42%
Luis Enrique
41%
Jan Vertonghen
40%
Josko Gvardiol
40%
Louis van Gaal
40%
Vincent Aboubakar
39%
Raúl Jiménez
38%
André Ayew
37%
Edson Álvarez
36%
Rafael Leão
36%
Raheem Sterling
36%
Simon Kjær
36%
Diego Godín
35%
Guillermo Ochoa
33%
Dušan Tadić
31%
Fernando Santos
30%
Matthijs de Ligt
30%
Moisés Caicedo
30%
Mathew Ryan
29%
Bryan Ruiz
28%
Akram Afif
27%
Daley Blind
26%
Eric Maxim Choupo-Moting
26%
Thomas Partey
26%
Mathew Leckie
25%
Romain Saïss
25%
Salem Al-Dawsari
25%
Ismaïla Sarr
24%
Maya Yoshida
24%
Atiba Hutchinson
23%
Manuel Akanji
23%
Pierre-Emile Höjbjerg
23%
Tyler Adams
23%
Wahbi Khazri
23%
Zlatko Dalić
23%
Andrés Guardado
21%
Sardar Azmoun
21%
Aliou Cissé
19%
Idrissa Gueye
18%
Daichi Kamada
17%
Yuto Nagatomo
17%
Cyle Larin
16%
Gregg Berhalter
15%
Rigobert Song
15%
Félix Sánchez
14%
Murat Yakin
14%
Gerardo "Tata" Martino
13%
Hervé Renard
13%
Walid Regragui
13%
Takumi Minamino
12%
Graham Arnold
11%
Kasper Hjulmand
11%
Celso Borges
10%
Ellyes Skhiri
10%
Carlos Queiroz
9%
Czesław Michniewicz
9%
DeAndre Yedlin
9%
Dragan Stojković
9%
Frank Anguissa
9%
Paulo Bento
9%
Rob Page
9%
Hajime Moriyasu
8%
John Herdman
8%
Otto Addo
8%
Brennan Johnson
7%
Salman Al-Faraj
6%
Diego Alonso
5%
Famara Diédhiou
5%
Gustavo Alfaro
5%
Hassan Al-Haydos
5%
Jalel Kadri
4%
Sultan Al-Ghannam
4%
Youssef Msakni
4%
Ehsan Hajsafi
3%

Score Distribution

Percentile by Number Answered

Percent of People with Each Score

Your Score History

You have not taken this quiz